| 000 | 00787nam a22002057a 4500 | ||
|---|---|---|---|
| 999 |
_c62559 _d62559 |
||
| 005 | 20241206150600.0 | ||
| 008 | 241206s2019 ru ||||| |||| 00| 0 rus d | ||
| 020 | _a9785961413908x | ||
| 041 | _arus | ||
| 080 | _a65.0(07) Ф-12 | ||
| 100 |
_aТэппинг, Дон _923890 |
||
| 245 |
_a5S для офиса : _bт. 10 / _cТомас Фабрицио, Дон Тэппинг. |
||
| 264 |
_aМосква : _bСбербанк, _c2019. |
||
| 300 |
_a257 стр.: _bилл. ; _c22 см. |
||
| 440 |
_aбиблиотека сбербанка _923892 |
||
| 653 | _aსამუშაო ადგილის ორგანიზება | ||
| 653 | _aმენეჯმენტი | ||
| 700 |
_aТомас, Фабрицио _eავტორი _923891 |
||
| 942 |
_2udc _cᲬᲘᲒᲜᲘ |
||